00391nam a2200181Ia 4500003000400000005001700004006001900021007000300040008004100043024001000084037001200094040002000106041001300126082001700139100002200156245002200178260000900200OSt20220928141755.0a|||||r|||| 00| 0 ta220927b |||||||| |||| 00| 0 eng d a17602 cTextual aSDCLcSDCLbeng 2engaeng aO15:gx, M9.2 aPodar Kaniheyalal 0aKavya kalapdruma. c1989